[Event "14e Open International de la Reunion"]
[Site "St Denis"]
[Date "2012.10.11"]
[Round "7.30"]
[White "Tang Hon Yue, Thibault"]
[Black "Sandjivy, Jean Marc"]
[Result "1-0"]
[WhiteElo "1506"]
[BlackElo "1392"]
[PlyCount "43"]
[EventDate "2012.??.??"]

1. d4 e6 2. Nf3 Nf6 3. g3 Nc6 4. Bg2 b6 5. O-O Bb7 6. c4 d5 7. cxd5 Qxd5 8. e3
O-O-O 9. Nc3 Qh5 10. Qc2 g5 11. Bd2 Rg8 12. Rac1 Ng4 13. Nb5 Rd7 14. h3 Nf6 15.
Ne5 Nxe5 16. Bxb7+ Kxb7 17. dxe5 Qxh3 18. exf6 Rg6 19. Qc6+ Ka6 20. Rc4 Bb4 21.
Rxb4 Ka5 22. Rh4+ 1-0

[Event "14e Open International de la Reunion"]
[Site "St Denis"]
[Date "2012.10.11"]
[Round "7.31"]
[White "Sandjivy, Mateo"]
[Black "Artigaud, Laurent"]
[Result "1/2-1/2"]
[WhiteElo "1360"]
[BlackElo "1500"]
[PlyCount "136"]
[EventDate "2012.??.??"]

1. e4 c6 2. c4 d5 3. e5 Bf5 4. d3 dxc4 5. d4 e6 6. Bxc4 Ne7 7. Nc3 Nd5 8. Bd2
Qb6 9. Bxd5 cxd5 10. Qa4+ Nc6 11. b3 Qxd4 12. Nf3 Qxa4 13. Nxa4 Nb4 14. O-O Be7
15. Rfc1 Nc6 16. a3 O-O 17. b4 Rfc8 18. b5 Nd8 19. Re1 a6 20. Nb6 axb5 21. Nxc8
Rxc8 22. Bb4 Bxb4 23. axb4 Nc6 24. Rac1 Bd3 25. Nd4 Bc4 26. Nxc6 bxc6 27. Ra1
Bb3 28. Ra3 Ba4 29. Rc1 Kf8 30. Rac3 Ke7 31. Rxc6 Rxc6 32. Rxc6 Bb3 33. Rc5 Bc4
34. Rc7+ Ke8 35. f4 g6 36. Kf2 h5 37. g3 Kf8 38. h3 Ke8 39. g4 hxg4 40. hxg4
Kf8 41. f5 exf5 42. gxf5 gxf5 43. Ke3 Ke8 44. Rc6 Ke7 45. Rf6 Kd7 46. Kd4 Ke7
47. Rxf5 Ke8 48. Kc5 Ke7 49. Rf3 Ke6 50. Kd4 Ke7 51. Rf6 Ke8 52. e6 fxe6 53.
Rxe6+ Kd7 54. Rh6 Kc7 55. Kc5 Kd7 56. Rd6+ Kc7 57. Rc6+ Kd7 58. Rh6 Ke7 59.
Rh7+ Kd8 60. Kd6 Ke8 61. Ra7 d4 62. Ra1 d3 63. Rd1 Kf7 64. Rf1+ Kg6 65. Ke5 Kg7
66. Rg1+ Kf7 67. Kf5 Ke7 68. Ke5 Kf7 1/2-1/2

[Event "14e Open International de la Reunion"]
[Site "St Denis"]
[Date "2012.10.11"]
[Round "7.32"]
[White "Rivolo, Anne-Claire"]
[Black "Singuina, Yvan"]
[Result "1-0"]
[WhiteElo "1470"]
[BlackElo "1350"]
[PlyCount "75"]
[EventDate "2012.??.??"]

1. e4 c5 2. c3 Qa5 3. d4 cxd4 4. Qxd4 Nc6 5. Qd5 Qc7 6. Bd3 e6 7. Qg5 Nf6 8.
Bf4 Qb6 9. b3 h6 10. Qg3 Nh5 11. Qf3 Nxf4 12. Qxf4 e5 13. Qf3 Qa5 14. Bc4 b5
15. Qxf7+ Kd8 16. Bd5 Bb7 17. Nf3 b4 18. c4 Rb8 19. O-O Qb6 20. Bxc6 Bxc6 21.
Nxe5 Bd6 22. Qxg7 Bxe5 23. Qxe5 Rg8 24. Qf6+ Kc7 25. Qxh6 Qb7 26. Qf4+ Kb6 27.
c5+ Ka5 28. Nd2 Bb5 29. Rfe1 Rbf8 30. Qe5 Qc6 31. a3 Ka6 32. Qd5 Qg6 33. axb4+
Ba4 34. Rxa4+ Kb5 35. c6+ Kb6 36. Nc4+ Kc7 37. Rxa7+ Kd8 38. Qxd7# 1-0

[Event "14e Open International de la Reunion"]
[Site "St Denis"]
[Date "2012.10.11"]
[Round "7.33"]
[White "Ringayen, Francinel"]
[Black "Artigaud, Daniel"]
[Result "1/2-1/2"]
[WhiteElo "1180"]
[BlackElo "1430"]
[PlyCount "110"]
[EventDate "2012.??.??"]

1. e4 c6 2. Nf3 d5 3. d3 dxe4 4. dxe4 Qxd1+ 5. Kxd1 Bg4 6. Be2 Nd7 7. h3 Bh5 8.
Re1 e6 9. Ng5 Bg6 10. Bd3 h6 11. Nf3 Bc5 12. Be3 Bxe3 13. Rxe3 O-O-O 14. b4
Ngf6 15. Nh4 Bh7 16. Nc3 Ne5 17. f4 Nxd3 18. cxd3 g5 19. fxg5 hxg5 20. Nf3 g4
21. Ne5 Bg8 22. hxg4 Nd7 23. Nxd7 Rxd7 24. Kc2 f6 25. Rh3 Rdh7 26. Rah1 b5 27.
Rxh7 Rxh7 28. Rxh7 Bxh7 29. a4 a6 30. axb5 axb5 31. Kd2 Kd7 32. Ne2 e5 33. Ng3
Bg8 34. Nh5 Ke7 35. Ng7 Be6 36. Nf5+ Kf7 37. Nd6+ Kg6 38. Ne8 Bxg4 39. Ke3 Kf7
40. Nd6+ Ke7 41. Nf5+ Bxf5 42. exf5 Kd6 43. d4 Kd5 44. dxe5 Kxe5 45. g4 Kd5 46.
Kf4 c5 47. bxc5 b4 48. g5 fxg5+ 49. Kxg5 Ke5 50. f6 Ke6 51. Kg6 b3 52. f7 b2
53. f8=Q b1=Q+ 54. Kg7 Qg1+ 55. Kh7 Qh2+ 1/2-1/2

[Event "14e Open International de la Reunion"]
[Site "St Denis"]
[Date "2012.10.11"]
[Round "7.34"]
[White "Atlan, Yoram"]
[Black "Noel, Philippe"]
[Result "0-1"]
[WhiteElo "1009"]
[BlackElo "1380"]
[PlyCount "68"]
[EventDate "2012.??.??"]

1. e4 e5 2. Nf3 Nc6 3. Bb5 Bd6 4. Bxc6 dxc6 5. d4 Bg4 6. dxe5 Bxf3 7. Qxf3 Bxe5
8. O-O Qe7 9. Bf4 Bxb2 10. Nc3 Bxa1 11. Rxa1 Nf6 12. e5 Nd7 13. Re1 O-O 14. Qg3
Kh8 15. Bg5 f6 16. Bf4 Rae8 17. e6 b5 18. Qe3 Nc5 19. g3 Rc8 20. Qf3 b4 21. Nd1
g5 22. Bd2 a5 23. a3 bxa3 24. Qxa3 a4 25. Bb4 Rfe8 26. Bxc5 Qg7 27. Qxa4 Qg6
28. Qe4 f5 29. Qxc6 h5 30. Re5 h4 31. Qb5 h3 32. e7 Rb8 33. Qd3 Qc6 34. Bd4
Qg2# 0-1

[Event "14e Open International de la Reunion"]
[Site "St Denis"]
[Date "2012.10.11"]
[Round "7.35"]
[White "Francois, Robert"]
[Black "Dennemont, Bruno"]
[Result "0-1"]
[WhiteElo "1530"]
[BlackElo "1299"]
[PlyCount "54"]
[EventDate "2012.??.??"]

1. Nf3 Nc6 2. c4 e5 3. d3 Bc5 4. Nc3 Bb4 5. Bd2 Nf6 6. e3 d6 7. Be2 Bg4 8. O-O
O-O 9. h3 Bd7 10. Qc2 Qc8 11. Kh2 Ne7 12. e4 Ng6 13. Bg5 Nh5 14. Nd5 c5 15. Be7
Re8 16. Bxd6 Nhf4 17. Nc7 Bxh3 18. Nxa8 Bxg2 19. Ng1 Bxf1 20. Bxf1 Qxa8 21. a3
Qd8 22. Nf3 Qxd6 23. axb4 a6 24. Qa4 Rd8 25. bxc5 Qxc5 26. b4 Qxf2+ 27. Bg2
Qxg2# 0-1

[Event "14e Open International de la Reunion"]
[Site "St Denis"]
[Date "2012.10.11"]
[Round "7.36"]
[White "Hoareau, Noe"]
[Black "Ah Soune, Alexandra"]
[Result "1-0"]
[WhiteElo "1420"]
[BlackElo "1090"]
[PlyCount "79"]
[EventDate "2012.??.??"]

1. e4 e5 2. Nf3 d6 3. d4 Nc6 4. dxe5 dxe5 5. Qxd8+ Kxd8 6. Ng5 Nh6 7. Bc4 Ke7
8. Nc3 f6 9. Nd5+ Kd8 10. Nf3 a6 11. Bxh6 gxh6 12. Nxf6 b5 13. Bd5 Rb8 14. Bxc6
a5 15. Nxe5 Bg7 16. Nf7+ Ke7 17. Nxh8 Bxh8 18. Nd5+ Kd6 19. Be8 a4 20. O-O-O
Kc5 21. Nxc7 b4 22. Bxa4 Kb6 23. Nd5+ Ka5 24. Bb3 Rb7 25. f4 Bg4 26. Rd2 Rb8
27. h3 Be6 28. e5 Bf5 29. g4 Be4 30. Re1 Bg6 31. f5 Be8 32. e6 Bg7 33. f6 Bh8
34. f7 Bc6 35. e7 Bg7 36. e8=Q Bxe8 37. fxe8=Q Rxe8 38. Rxe8 h5 39. Bc4 Bh6 40.
Ra8# 1-0

[Event "14e Open International de la Reunion"]
[Site "St Denis"]
[Date "2012.10.11"]
[Round "7.38"]
[White "Le Maguet, Loan"]
[Black "Sandjivy, Vivien"]
[Result "1-0"]
[WhiteElo "1270"]
[BlackElo "1100"]
[PlyCount "49"]
[EventDate "2012.??.??"]

1. e4 e5 2. Nf3 Nc6 3. Bb5 d6 4. Nc3 Nf6 5. d3 Be7 6. Be3 Bd7 7. h3 Nh5 8. O-O
O-O 9. a4 Nb4 10. Qd2 c6 11. Bc4 h6 12. Ne2 a5 13. Qc3 Bf6 14. d4 Qe7 15. Rfd1
Be6 16. Bb3 Rfd8 17. Rd2 Ra6 18. Rad1 exd4 19. Nexd4 Bxd4 20. Nxd4 Bxb3 21.
Qxb3 Qxe4 22. c3 c5 23. Ne2 Qc6 24. cxb4 axb4 25. Qc4 1-0

[Event "14e Open International de la Reunion"]
[Site "St Denis"]
[Date "2012.10.10"]
[Round "5.1"]
[White "Akshat, Khamparia"]
[Black "Reinhart, Emmanuel"]
[Result "1-0"]
[WhiteElo "2382"]
[BlackElo "2312"]
[PlyCount "125"]
[EventDate "2012.??.??"]

1. d4 c6 2. c4 d5 3. Nf3 Nf6 4. Nc3 dxc4 5. a4 Bf5 6. e3 e6 7. Bxc4 Nbd7 8. O-O
Be7 9. Nh4 Bg4 10. f3 Bh5 11. g4 Nb6 12. Be2 Nfd5 13. Ng2 Bg6 14. a5 Nd7 15. e4
Nxc3 16. bxc3 h5 17. Nf4 hxg4 18. Nxg6 fxg6 19. f4 Nf6 20. e5 Nd5 21. Bxg4 Kf7
22. Qd3 Qd7 23. Ra2 Bd8 24. Rg2 Ne7 25. a6 b5 26. Qg3 Kg8 27. Bd1 Nf5 28. Qxg6
Rh6 29. Qg4 b4 30. cxb4 Bb6 31. Kh1 Rf8 32. Bc2 Nxd4 33. Be4 Nf5 34. Rd1 Qe7
35. Qg5 Qxg5 36. Rxg5 Bd8 37. Rg2 Be7 38. Rd7 Rd8 39. Rxd8+ Bxd8 40. Bxc6 Bb6
41. Be4 Ne3 42. Re2 Ng4 43. Kg2 Rxh2+ 44. Kf3 Rh1 45. Bd2 Nh6 46. Be1 Rf1+ 47.
Bf2 Ng4 48. Kxg4 Rxf2 49. Rxf2 Bxf2 50. Kg5 Kf8 51. Kg6 Be3 52. b5 Bb6 53. Bd3
Bg1 54. Bc4 Bb6 55. Bxe6 Bg1 56. Bg4 Bf2 57. Bh5 Bg1 58. f5 Bd4 59. f6 gxf6 60.
Kxf6 Bb6 61. Ke6 Bc7 62. Kd7 Bxe5 63. b6 1-0

[Event "14e Open International de la Reunion"]
[Site "St Denis"]
[Date "2012.10.10"]
[Round "5.2"]
[White "Letreguilly, Olivier"]
[Black "Hecht, Hans-Joachim"]
[Result "0-1"]
[WhiteElo "2343"]
[BlackElo "2347"]
[PlyCount "84"]
[EventDate "2012.??.??"]

1. e4 e5 2. Nf3 Nc6 3. Bb5 f5 4. d3 fxe4 5. dxe4 Nf6 6. Bg5 Bb4+ 7. c3 Bc5 8.
Nbd2 O-O 9. O-O d6 10. b4 Bb6 11. a4 a6 12. Bc4+ Kh8 13. Qe2 Ne7 14. a5 Ba7 15.
Be3 Bxe3 16. Qxe3 Ng6 17. g3 Qe7 18. Kg2 Bd7 19. h3 Bc6 20. Rfb1 d5 21. b5 axb5
22. Bxb5 Bxb5 23. Rxb5 c6 24. Rb3 dxe4 25. Nxe4 Nd5 26. Qg5 Qc7 27. h4 Rxf3 28.
Kxf3 Qf7+ 29. Kg2 Ndf4+ 30. gxf4 Nxf4+ 31. Kh2 Qxb3 32. Qxe5 Ng6 33. Qg5 Qe6
34. f3 h6 35. Qg3 Rf8 36. Rd1 Ne5 37. Rf1 Qf5 38. Kg2 Ng6 39. Rh1 Nf4+ 40. Kf2
Qxa5 41. Rd1 Qf5 42. Nd6 Qc2+ 0-1

[Event "14e Open International de la Reunion"]
[Site "St Denis"]
[Date "2012.10.10"]
[Round "5.3"]
[White "Roblet, Charles"]
[Black "Meier, Kurt"]
[Result "1/2-1/2"]
[WhiteElo "2058"]
[BlackElo "1960"]
[PlyCount "122"]
[EventDate "2012.??.??"]

1. e4 d6 2. d4 Nf6 3. Nc3 g6 4. Nf3 Bg7 5. Be2 O-O 6. O-O c6 7. h3 b5 8. e5
dxe5 9. dxe5 Nfd7 10. Bf4 Nc5 11. Qxd8 Rxd8 12. Rad1 Re8 13. Rd2 Ne6 14. Bg3
Nd7 15. Rfd1 Ndc5 16. b4 Na6 17. a3 Nac7 18. Bd3 Bb7 19. Be4 a5 20. Rd7 axb4
21. axb4 Rab8 22. Nd4 Nxd4 23. R1xd4 Ne6 24. Rd3 Ba8 25. Ra7 c5 26. Rxa8 Rxa8
27. Bxa8 Rxa8 28. bxc5 b4 29. Ne4 Ra2 30. Rb3 Rxc2 31. Rxb4 Nxc5 32. Rb8+ Bf8
33. Rc8 Rc1+ 34. Kh2 Nd3 35. Rd8 Rc4 36. Ng5 Nf4 37. Bxf4 Rxf4 38. Kg3 Rf5 39.
f4 f6 40. exf6 Rxf6 41. h4 Rd6 42. Ra8 h6 43. Nf3 Rf6 44. Ne5 Kg7 45. Nd7 Rf5
46. Kg4 h5+ 47. Kf3 Rf7 48. Ke4 e6 49. Ne5 Rb7 50. Ra4 Kf6 51. Rd4 Rb4 52. Nd7+
Kg7 53. Rxb4 Bxb4 54. Ne5 Kf6 55. Nf3 Bc3 56. Ne5 Be1 57. Kf3 Bc3 58. Nd7+ Ke7
59. Nc5 Bd4 60. Ne4 Bb2 61. g4 hxg4+ 1/2-1/2

[Event "14e Open International de la Reunion"]
[Site "St Denis"]
[Date "2012.10.10"]
[Round "5.4"]
[White "Ranaivoharisoa, Alain"]
[Black "Rabe Andrianandrasan, Haingo"]
[Result "1-0"]
[WhiteElo "2175"]
[BlackElo "1978"]
[PlyCount "97"]
[EventDate "2012.??.??"]

1. e4 e5 2. Bc4 Nc6 3. f4 Nf6 4. Nf3 exf4 5. O-O d5 6. exd5 Nxd5 7. Re1+ Be7 8.
Bxd5 Qxd5 9. Nc3 Qd6 10. d4 a6 11. d5 Na7 12. Qe2 Bg4 13. Bxf4 Qd7 14. Qe5 f6
15. Qxc7 Qxc7 16. Bxc7 Kd7 17. Bg3 Bb4 18. Re4 Bc5+ 19. Bf2 Bxf3 20. gxf3 Bxf2+
21. Kxf2 Rac8 22. Rae1 Rhe8 23. Rxe8 Rxe8 24. Rxe8 Kxe8 25. Ke3 Kd7 26. Kd4 Nc8
27. a4 h5 28. a5 Nd6 29. Ne4 Nf5+ 30. Kc5 Ne3 31. c4 h4 32. b4 f5 33. Ng5 Nf1
34. h3 Nd2 35. b5 g6 36. bxa6 bxa6 37. Kb4 Kd6 38. Kc3 Nb1+ 39. Kd4 Nd2 40. c5+
Kd7 41. Kc3 Nb1+ 42. Kd3 Na3 43. f4 Nb5 44. Nf3 Nc7 45. Kc4 Ke8 46. Nxh4 Kf7
47. Nf3 Ne8 48. Ne5+ Kf6 49. d6 1-0

[Event "14e Open International de la Reunion"]
[Site "St Denis"]
[Date "2012.10.10"]
[Round "5.5"]
[White "Ratsimikatry, Caryl Patrick"]
[Black "Seyfried, Claus"]
[Result "0-1"]
[WhiteElo "1924"]
[BlackElo "2160"]
[PlyCount "58"]
[EventDate "2012.??.??"]

1. e4 c5 2. Nc3 Nc6 3. f4 g6 4. Nf3 Bg7 5. Bb5 Nd4 6. O-O Nxb5 7. Nxb5 d6 8. d3
Nf6 9. Nc3 O-O 10. Qe1 Rb8 11. Qh4 e6 12. f5 b5 13. Bh6 b4 14. Ne2 exf5 15. Ng5
Re8 16. Bxg7 Kxg7 17. exf5 Rxe2 18. fxg6 Bb7 19. Rf2 Rxf2 20. Qxf2 hxg6 21. Rf1
Bd5 22. Nh3 Qe7 23. Nf4 Re8 24. Kh1 Bc6 25. Qh4 Nd5 26. Qg3 Nxf4 27. Qxf4 f6
28. Qf2 Qe5 29. h3 Qxb2 0-1

[Event "14e Open International de la Reunion"]
[Site "St Denis"]
[Date "2012.10.10"]
[Round "5.6"]
[White "Rodier, David"]
[Black "Koch, Alain"]
[Result "1/2-1/2"]
[WhiteElo "2133"]
[BlackElo "1951"]
[PlyCount "61"]
[EventDate "2012.??.??"]

1. d4 d5 2. c4 e6 3. Nc3 Nf6 4. cxd5 exd5 5. Bg5 Be7 6. e3 c6 7. Bd3 O-O 8. Qc2
h6 9. Bh4 a5 10. Nge2 Na6 11. a3 Nc7 12. O-O Nce8 13. Rad1 Nh7 14. Bxe7 Qxe7
15. e4 dxe4 16. Nxe4 Nc7 17. Qc5 Qxc5 18. dxc5 Be6 19. Nd6 Rab8 20. Be4 Nf6 21.
Bf3 Na6 22. b4 axb4 23. axb4 Bd5 24. Bxd5 Nxd5 25. b5 Nxc5 26. Nxb7 Nxb7 27.
bxc6 Na5 28. Rxd5 Nxc6 29. Rc5 Rb6 30. h3 Re8 31. Ng3 1/2-1/2

[Event "14e Open International de la Reunion"]
[Site "St Denis"]
[Date "2012.10.10"]
[Round "5.7"]
[White "Rajaonson, Andriamahenina"]
[Black "Hamon, Christian"]
[Result "0-1"]
[WhiteElo "1897"]
[BlackElo "2053"]
[PlyCount "66"]
[EventDate "2012.??.??"]

1. f4 d5 2. Nf3 Bg4 3. e3 Nf6 4. Be2 Nbd7 5. O-O Bxf3 6. Bxf3 e5 7. d4 e4 8.
Be2 Bd6 9. c4 c6 10. Nc3 O-O 11. Bd2 dxc4 12. Bxc4 Nb6 13. Bb3 c5 14. Nb5 cxd4
15. Nxd6 Qxd6 16. Bc3 d3 17. Be5 Qe7 18. g4 Nfd5 19. Bd4 Rac8 20. g5 Nc4 21.
Kf2 Nxf4 22. exf4 e3+ 23. Kg1 e2 24. Qxd3 exf1=Q+ 25. Rxf1 b5 26. Bc2 g6 27.
Rf3 Qe1+ 28. Rf1 Qd2 29. Bf6 Qe3+ 30. Rf2 Rfe8 31. h4 Qe1+ 32. Rf1 Qxh4 33. Bd4
Qg4+ 0-1

[Event "14e Open International de la Reunion"]
[Site "St Denis"]
[Date "2012.10.10"]
[Round "5.8"]
[White "Boos, Olivier"]
[Black "Dijoux, Julien"]
[Result "1-0"]
[WhiteElo "2014"]
[BlackElo "1883"]
[PlyCount "93"]
[EventDate "2012.??.??"]

1. Nf3 d5 2. g3 Nf6 3. Bg2 g6 4. O-O Bg7 5. d4 O-O 6. c4 c6 7. a4 Bf5 8. e3
Nbd7 9. c5 Bxb1 10. Rxb1 Ne4 11. Qc2 f5 12. b4 e6 13. Ne1 Rb8 14. b5 e5 15. Bb2
exd4 16. Bxd4 Bxd4 17. exd4 Qc7 18. Nd3 Rbe8 19. Rb2 g5 20. Rfb1 Qa5 21. bxc6
bxc6 22. Nb4 Nb8 23. f3 Kh8 24. fxe4 fxe4 25. Rf1 Qc7 26. Qe2 Qg7 27. Qe3 a5
28. Nc2 Rxf1+ 29. Bxf1 Rf8 30. Be2 Qf6 31. Rb1 Qg6 32. Rf1 Rg8 33. Na1 Nd7 34.
Nb3 Ra8 35. Qc3 h5 36. Nxa5 h4 37. g4 Kg7 38. h3 Qe6 39. Rf5 Kh6 40. Kg2 Qg6
41. Bd1 Nf8 42. Kh2 Nd7 43. Nb7 Rf8 44. Nd6 Rf6 45. a5 Qg8 46. Qb3 Qa8 47. Qb7
1-0

[Event "14e Open International de la Reunion"]
[Site "St Denis"]
[Date "2012.10.10"]
[Round "5.9"]
[White "Rakotomaharo, Fy Antenaina"]
[Black "Dalleau, Philippe"]
[Result "1-0"]
[WhiteElo "1995"]
[BlackElo "1846"]
[PlyCount "50"]
[EventDate "2012.??.??"]

1. e4 c5 2. Nf3 d6 3. c3 Nf6 4. h3 e6 5. Bd3 Nc6 6. Bc2 Be7 7. O-O O-O 8. Re1
Qc7 9. d4 e5 10. Na3 a6 11. dxc5 dxc5 12. Nc4 Be6 13. Qe2 h6 14. Ne3 Rfd8 15.
Nf5 Bf8 16. N3h4 Ne7 17. g4 Ng6 18. g5 Nxh4 19. gxf6 Bxf5 20. exf5 Qc6 21. Be4
Qxf6 22. Qg4 Rd7 23. Be3 Rad8 24. Kh1 g6 25. Rg1 g5 1-0

[Event "14e Open International de la Reunion"]
[Site "St Denis"]
[Date "2012.10.10"]
[Round "5.10"]
[White "Ramasindraibe, Girard"]
[Black "Calmels, Nicolas"]
[Result "0-1"]
[WhiteElo "1982"]
[BlackElo "1830"]
[PlyCount "52"]
[EventDate "2012.??.??"]

1. Nf3 Nf6 2. g3 b6 3. Bg2 Bb7 4. O-O e6 5. c4 d5 6. b3 Be7 7. Bb2 c5 8. cxd5
exd5 9. d4 Nbd7 10. Nc3 Rc8 11. Ne5 O-O 12. Bh3 a6 13. Nxd7 Nxd7 14. dxc5 Rxc5
15. Na4 Rc7 16. Qd2 b5 17. Nc3 Nf6 18. Rad1 Qd6 19. e4 d4 20. Qe2 Qc5 21. Nd5
Nxd5 22. Bxd4 Nc3 23. Qg4 Qg5 24. Bxc3 Rxc3 25. Qd7 Bc8 26. Qd4 Bf6 0-1

[Event "14e Open International de la Reunion"]
[Site "St Denis"]
[Date "2012.10.10"]
[Round "5.11"]
[White "Linder, Oliver"]
[Black "Andriandaza, Tombo Omar"]
[Result "1-0"]
[WhiteElo "1980"]
[BlackElo "1567"]
[PlyCount "41"]
[EventDate "2012.??.??"]

1. d4 Nf6 2. Nf3 d5 3. e3 c6 4. c4 e6 5. Nbd2 Bd6 6. Bd3 O-O 7. O-O h6 8. b3
Re8 9. Bb2 Nbd7 10. Ne5 Bc7 11. f4 Nxe5 12. fxe5 Nh7 13. Bxh7+ Kxh7 14. Rxf7
Ba5 15. Qc2+ Kh8 16. Raf1 Bb4 17. a3 Bxd2 18. Qxd2 Rg8 19. Qd3 Bd7 20. R1f6 Rf8
21. Rxg7 1-0

[Event "14e Open International de la Reunion"]
[Site "St Denis"]
[Date "2012.10.10"]
[Round "5.12"]
[White "Payet, Jean-Claude"]
[Black "Haanshuus, Aslak"]
[Result "0-1"]
[WhiteElo "1829"]
[BlackElo "2059"]
[PlyCount "84"]
[EventDate "2012.??.??"]

1. e4 c5 2. Nf3 Nc6 3. d4 cxd4 4. Nxd4 e5 5. Nb5 a6 6. Nd6+ Bxd6 7. Qxd6 Qf6 8.
Qxf6 Nxf6 9. f3 Nb4 10. Na3 d5 11. Bd2 Nc6 12. exd5 Nxd5 13. Bc4 Be6 14. O-O-O
Rd8 15. Rhe1 O-O 16. Bb3 b5 17. c3 Rfe8 18. Nc2 a5 19. Bxd5 Bxd5 20. Kb1 f6 21.
Ne3 Bf7 22. b3 a4 23. Kb2 e4 24. f4 g6 25. Ng4 Kg7 26. f5 gxf5 27. Ne3 Be6 28.
g3 Ne5 29. Rf1 Nd3+ 30. Kc2 Kg6 31. Ng2 Ra8 32. c4 axb3+ 33. axb3 bxc4 34. Nh4+
Kf7 35. bxc4 Ra2+ 36. Kc3 Rc8 37. Kd4 Rxc4+ 38. Ke3 Ne5 39. h3 Ra3+ 40. Ke2
Rxg3 41. Nxf5 Rg2+ 42. Ke1 Nd3# 0-1

[Event "14e Open International de la Reunion"]
[Site "St Denis"]
[Date "2012.10.10"]
[Round "5.13"]
[White "Chan-Kai-Hou, Fabrice"]
[Black "Mablouke, Ulrich"]
[Result "1-0"]
[WhiteElo "1954"]
[BlackElo "1785"]
[PlyCount "33"]
[EventDate "2012.??.??"]

1. d4 e5 2. dxe5 Nc6 3. Nf3 Qe7 4. Nc3 Nxe5 5. e4 c6 6. Be2 Nxf3+ 7. Bxf3 f5 8.
O-O fxe4 9. Bxe4 Nf6 10. Re1 Kd8 11. Bxc6 Qc5 12. Bf3 Bd6 13. Be3 Qb4 14. a3
Qxb2 15. Qxd6 Qxc3 16. Bxa7 Nd5 17. Bxd5 1-0

[Event "14e Open International de la Reunion"]
[Site "St Denis"]
[Date "2012.10.10"]
[Round "5.14"]
[White "Lecoro, Sylvain"]
[Black "Frelicot, Eric"]
[Result "0-1"]
[WhiteElo "1713"]
[BlackElo "1827"]
[PlyCount "80"]
[EventDate "2012.??.??"]

1. e4 c6 2. Nc3 d5 3. Qf3 d4 4. Bc4 e6 5. Nce2 c5 6. d3 Nc6 7. Bf4 Bd6 8. Nh3
Bxf4 9. Qxf4 Qf6 10. Qg3 Nge7 11. Ng5 h6 12. Nf3 O-O 13. Nh4 a6 14. f4 Ng6 15.
Nxg6 Qxg6 16. Qxg6 fxg6 17. O-O b5 18. Bb3 Na5 19. e5 Nxb3 20. axb3 Bb7 21. b4
cxb4 22. Nxd4 Kf7 23. Nb3 Rfc8 24. Rf2 Bd5 25. Na5 Rc7 26. Rc1 Rac8 27. g3 Rc5
28. Kf1 b3 29. c3 b4 30. Nc4 Bxc4 31. dxc4 Rxc4 32. Ra1 bxc3 33. bxc3 Rxc3 34.
Rxa6 Rc1+ 35. Kg2 R8c2 36. Rb6 Rxf2+ 37. Kxf2 Rc2+ 38. Ke1 b2 39. Kd1 Rc1+ 40.
Kd2 b1=Q 0-1

[Event "14e Open International de la Reunion"]
[Site "St Denis"]
[Date "2012.10.10"]
[Round "5.15"]
[White "Herrero, Alain"]
[Black "Goorsahye, Antoine"]
[Result "1-0"]
[WhiteElo "1726"]
[BlackElo "1899"]
[PlyCount "113"]
[EventDate "2012.??.??"]

1. d4 d5 2. c4 e5 3. cxd5 Qxd5 4. Nf3 e4 5. Nc3 Qa5 6. Ne5 Bb4 7. Qc2 Nf6 8. e3
O-O 9. Bc4 Bf5 10. O-O Nc6 11. Nxc6 bxc6 12. Bd2 Rad8 13. a3 Bxc3 14. Bxc3 Qb6
15. b4 Bg6 16. Rfc1 Rd6 17. Rab1 Nd5 18. Bd2 Rd7 19. Qa2 a6 20. a4 Ra8 21. Qb3
Nf6 22. Ra1 Rb8 23. Rcb1 h6 24. b5 axb5 25. axb5 c5 26. Ra6 Qb7 27. Bc3 cxd4
28. Bxd4 Qc8 29. Qa2 Qd8 30. h3 Nd5 31. Qa5 Nb6 32. Be2 Kh7 33. Ra7 f5 34. Rc1
f4 35. Bg4 Rf7 36. Rc6 Qg5 37. Rcxc7 Nc4 38. Qa4 Rxc7 39. Rxc7 Ne5 40. Qa7 Rg8
41. Qa1 Re8 42. b6 h5 43. Bd1 Nf3+ 44. Bxf3 exf3 45. Rxg7+ Kh6 46. Qf1 fxe3 47.
fxe3 Rxe3 48. Rxg6+ Kxg6 49. Bxe3 Qxe3+ 50. Qf2 Qc1+ 51. Kh2 fxg2 52. Qxg2+ Kf5
53. Qd5+ Kf4 54. b7 Qb2+ 55. Qg2 Qb6 56. Qg3+ Ke4 57. b8=Q 1-0

[Event "14e Open International de la Reunion"]
[Site "St Denis"]
[Date "2012.10.10"]
[Round "5.16"]
[White "Caron, Jean-Marie"]
[Black "Folio, Cedric"]
[Result "1-0"]
[WhiteElo "1872"]
[BlackElo "1700"]
[PlyCount "39"]
[EventDate "2012.??.??"]

1. c4 Nf6 2. Nc3 Nc6 3. g3 e5 4. Bg2 Bc5 5. d3 d6 6. Nf3 Bd7 7. O-O h6 8. a3 a6
9. b4 Ba7 10. Rb1 Qc8 11. b5 axb5 12. Nxb5 Nd8 13. Qb3 Bc5 14. e3 Ne6 15. d4 e4
16. Nd2 Ng5 17. dxc5 dxc5 18. Nc3 Bc6 19. Nd5 Qe6 20. Nxc7+ 1-0

[Event "14e Open International de la Reunion"]
[Site "St Denis"]
[Date "2012.10.10"]
[Round "5.17"]
[White "Frisk, Anders"]
[Black "Strate, Wolfgang"]
[Result "1-0"]
[WhiteElo "1847"]
[BlackElo "1689"]
[PlyCount "135"]
[EventDate "2012.??.??"]

1. c4 Nf6 2. Nf3 e6 3. g3 d5 4. b3 Nbd7 5. Bg2 c6 6. Bb2 Bd6 7. O-O O-O 8. d4
Re8 9. Nbd2 e5 10. cxd5 Nxd5 11. Nc4 Bc7 12. Nfxe5 Nxe5 13. Nxe5 f6 14. Nd3 Bg4
15. Re1 Qe7 16. Qd2 Qf7 17. h3 Bd7 18. e4 Ne7 19. Rac1 Qh5 20. Kh2 Ng6 21. Rc5
f5 22. f4 b6 23. Rcc1 fxe4 24. Ne5 Nxe5 25. dxe5 Rad8 26. Qe2 Qg6 27. Qxe4 Qh5
28. Qe2 Qf5 29. Qc2 Qh5 30. Re3 Bf5 31. Qe2 Qxe2 32. Rxe2 c5 33. Rce1 Be6 34.
Be4 Bd5 35. Kg2 Bxe4+ 36. Rxe4 Rd2+ 37. R4e2 Red8 38. Kf2 g6 39. Rxd2 Rxd2+ 40.
Re2 Rd3 41. Bc1 b5 42. Rd2 Rxd2+ 43. Bxd2 Kf7 44. Be3 Bb6 45. b4 c4 46. Bxb6
axb6 47. Ke3 Ke6 48. Ke4 h6 49. g4 g5 50. f5+ Kf7 51. Kd4 Ke7 52. Ke4 Kf7 53.
e6+ Kf6 54. Kd4 Ke7 55. Ke5 c3 56. f6+ Kf8 57. Kd6 c2 58. Kd7 c1=Q 59. e7+ Kf7
60. e8=Q+ Kxf6 61. Qh8+ Kf7 62. Qh7+ Kf6 63. Qf5+ Kg7 64. Qe5+ Kf7 65. Qd5+ Kf6
66. Qxb5 Qd2+ 67. Kc7 Qc3+ 68. Qc6+ 1-0

[Event "14e Open International de la Reunion"]
[Site "St Denis"]
[Date "2012.10.10"]
[Round "5.18"]
[White "Weber, Richard"]
[Black "Nassau, Pierre-Alexandre"]
[Result "0-1"]
[WhiteElo "1811"]
[BlackElo "1675"]
[PlyCount "68"]
[EventDate "2012.??.??"]

1. e4 e5 2. Nf3 Nc6 3. d4 exd4 4. Nxd4 d6 5. Nxc6 bxc6 6. b3 Nf6 7. Nd2 Qe7 8.
Qe2 a5 9. Qe3 Qe5 10. Rb1 Ng4 11. Qg3 Qxg3 12. hxg3 Be7 13. Be2 O-O 14. Bxg4
Bxg4 15. f3 Bd7 16. a4 Rfe8 17. Bb2 d5 18. O-O Bb4 19. Rfd1 dxe4 20. Nxe4 Bf5
21. c3 Bxe4 22. fxe4 Bc5+ 23. Kf1 Rxe4 24. Rd3 Rae8 25. Rbd1 Re2 26. R3d2 R2e5
27. Rd3 Rh5 28. Re3 Bxe3 29. Ke2 Bc1+ 30. Kf3 Bxb2 31. g4 Rd5 32. Rb1 Bxc3 33.
Rc1 Rd3+ 34. Kf4 Bd2+ 0-1

[Event "14e Open International de la Reunion"]
[Site "St Denis"]
[Date "2012.10.10"]
[Round "5.19"]
[White "Romain, Arnaud"]
[Black "Jotee, Ashvin"]
[Result "0-1"]
[WhiteElo "1660"]
[BlackElo "1799"]
[PlyCount "124"]
[EventDate "2012.??.??"]

1. d4 d5 2. Nf3 Nf6 3. Nc3 Bf5 4. Bf4 c6 5. e3 e6 6. Be2 Bd6 7. Bxd6 Qxd6 8.
Qd2 Nbd7 9. Bd3 Bg6 10. a3 a5 11. Bxg6 hxg6 12. Qd3 Kf8 13. h3 e5 14. dxe5 Nxe5
15. Nxe5 Qxe5 16. O-O-O b5 17. Qd4 Qe6 18. f3 Rh5 19. g4 Rh4 20. Rde1 Qd6 21.
f4 b4 22. axb4 axb4 23. Nb1 Ne4 24. Reg1 Kg8 25. c4 g5 26. cxd5 cxd5 27. Qe5
Rc8+ 28. Kd1 Qxe5 29. fxe5 Nf2+ 30. Ke2 Nxh1 31. Rxh1 Rc2+ 32. Kd3 Rxb2 33. Kd4
Re2 34. Kd3 Rf2 35. Nd2 Kf8 36. Nb1 Ke7 37. Kd4 Ke6 38. e4 dxe4 39. Kxe4 Re2+
40. Kd4 Rxe5 41. Nd2 Rb5 42. Re1+ Kd7 43. Kc4 Rb8 44. Re3 Rhh8 45. Rd3+ Ke7 46.
Kb3 Rhc8 47. Nc4 Rd8 48. Re3+ Kf8 49. Na5 Ra8 50. Nc4 Rab8 51. Na5 Rdc8 52. Nc4
Rc6 53. Ne5 Rc3+ 54. Rxc3 bxc3+ 55. Kxc3 Ra8 56. Nc4 Ke7 57. Kd4 Ke6 58. Ne3
Ra4+ 59. Kd3 Ke5 60. Nc4+ Kf4 61. Kc3 Rxc4+ 62. Kxc4 Kg3 0-1